LEADER 01794nam0-22005171i-450- 001 990004387590403321 005 20100506112208.0 010 $a88-8090-164-8$b1. v. 010 $a88-8090-165-6$b2. v. 035 $a000438759 035 $aFED01000438759 035 $a(Aleph)000438759FED01 035 $a000438759 100 $a19990604d2002----km-y0itay50------ba 101 0 $aita 102 $aIT 105 $aa-------001yy 200 1 $aStudi stabiani in memoria di Catello Salvati 210 $aCastellammare di Stabia$cLongobardi$d2002 215 $a2 v.$cill.$d24 cm 327 1 $a1.: Miscellanea / a cura di Giuseppe D'angelo, Antonio Di Vuolo, Antonio Ferrara$a2.: La collezione epigrafica dell'antiquarium di Castellammare di Stabia / di Giuseppe Camodeca, Marici Magalhaes, Fara Nasti, Aniello Parma... [et al.] 545 1 $a<> collezione epigrafica dell'antiquarium di Castellammare di Stabia 610 0 $aArchivistica 676 $a025.1714$v21$zita 676 $a411.7$v20$zit 702 1$aCamodeca,$bGiuseppe$f<1945- > 702 1$aD'Angelo,$bGiuseppe$f<1943- > 702 1$aDi Vuolo,$bAntonino 702 1$aFerrara,$bAntonio 702 1$aParma,$bAniello 702 1$aNasti,$bFara 702 1$aMagalhaes,$bMarici 702 1$aSalvati,$bCatello$f<1920-2000> 801 0$aIT$bUNINA$gRICA$2UNIMARC 901 $aBK 912 $a990004387590403321 952 $a025.17 CAM 1 (1)$bBibl. 44771$fFLFBC 952 $a025.17 CAM 1 (2)$bBibl. 44771$fFLFBC 952 $aSEZ.NA B 2141$b12989$fFARBC 952 $aDirez. MISC-037$b7037 ddr$fDDR$m21-4043 952 $aSEZ.NA B 2142$b12988$fFARBC 959 $aFLFBC 959 $aFARBC 959 $aDDR 996 $aStudi stabiani in memoria di Catello Salvati$9542766 997 $aUNINA LEADER 01151nam0 2200337 450 001 000042175 005 20160620100321.0 010 $a0-333-53367-4$a0-333-53368-2 100 $a20160613d1992----km-y0itaa50------ba 101 0 $aeng 102 $aGB 200 1 $aEmily Bronte, Wuthering Heights$fEdited by Miriam Allott 205 $a2 ed. Revised Edition 210 $aLondon$cMacmillan$d1992 215 $a246 p.$d22 cm 225 2 $aCasebook series 300 $aIn copertina: Emily Bronte: Wuthering Heights 410 0$12001$aCasebook series 517 1 $aWuthering Heights 700 1$aBronte,$bEmily$0386943 702 1$aAllott,$bMiriam 801 0$aIT$bUniversità della Basilicata - B.I.A.$gREICAT$2unimarc 912 $a000042175 996 $aEmily Bronte, Wuthering Heights$91531405 997 $aUNIBAS BAS $aLETTERE CAT $aSTD109$b05$c20160613$lBAS01$h0959 CAT $aSTD109$b05$c20160620$lBAS01$h1003 CAT $aSTD109$b05$c20160620$lBAS01$h1003 FMT Z30 -1$lBAS01$LBAS01$mBOOK$1BASA1$APolo Storico-Umanistico$2DSLF$BCollezione DiSLF$3DF/SE431$64200$5F4200$820160613$f02$FPrestabile Generale